|
|
|
|
| LEADER |
00000 a a2200000 04500 |
| 001 |
9912 |
| 003 |
cru CIDCACS/IIS |
| 005 |
20230529102431.0 |
| 008 |
230529b |||||||| |||| 00| 0 spa d |
| 040 |
|
|
|c cru CIDCACS/IIS
|
| 100 |
1 |
|
|a Mc Connell, Shelley
|
| 245 |
|
|
|a Rules of the game:
|b Nicaragua's contentious constitutional debate /
|c Shelley Mc Connell
|
| 500 |
|
|
|a Colección Centroamérica
|
| 520 |
|
|
|a sin resumen
|
| 651 |
|
0 |
|9 1861
|a NICARAGUA
|
| 773 |
|
|
|g volumen 27, número 2; páginas 20-25
|
| 773 |
0 |
|
|0 43153
|9 9048
|a North American Congress on Latin America (NACLA)
|d Nueva York: North American Congress on Latin America (NACLA), 1967-
|o 22903
|t NACLA:
|
| 942 |
|
|
|2 ddc
|c PP
|
| 999 |
|
|
|c 23544
|d 23544
|